[Event "Eurotel Trophy"]
[Site "Prague CZE"]
[Date "2002.04.28"]
[Round "1.1"]
[White "Van Wely,L"]
[Black "Ivanchuk,V"]
[Result "1/2-1/2"]
[WhiteElo "2642"]
[BlackElo "2711"]
[EventDate "2002.04.28"]

1. d4 Nf6 2. c4 c5 3. d5 b5 4. cxb5 a6 5. b6 d6 6. Nc3 g6 7. e4 Bg7 8. Nf3
O-O 9. Qb3 Bb7 10. Nd2 a5 11. Be2 Nbd7 12. Na4 Re8 13. O-O e6 14. dxe6 Rxe6
15. Bc4 Re7 16. Rd1 Rb8 17. Nf3 Nxe4 18. Bf4 Bc6 19. Bxd6 Nxd6 20. Rxd6
Bxa4 21. Qxa4 Rxb6 22. Qxa5 Qb8 23. Rxb6 Qxb6 24. Qa8+ Nf8 25. Rb1 Bxb2 26.
Qd5 Rd7 27. Qe4 Qf6 28. h4 h6 29. a4 Ra7 30. Qc2 Bc3 31. Rb8 Kg7 32. Bb3
Nd7 33. Rb5 Bb4 34. Qe4 Qa1+ 35. Kh2 Nf6 36. Qe5 Qc1 37. Rb8 Bc3 38. Qd6
Nd7 39. Rd8 c4 40. Bxc4 Bf6 41. Rxd7 Rxd7 42. Qxd7 Qxc4 43. g3 g5 44. hxg5
hxg5 45. g4 Bc3 46. Qf5 f6 47. Qd7+ Kg6 48. Qf5+ Kg7 49. Qd7+ Kg6 50. Kg2
Qe4 51. Kg3 Qf4+ 52. Kg2 Qe4 53. Kf1 Qb1+ 54. Ke2 Qe4+ 55. Kf1 Qb1+ 56. Kg2
Qe4 57. Kg3 1/2-1/2

[Event "Eurotel Trophy"]
[Site "Prague CZE"]
[Date "2002.04.28"]
[Round "1.1"]
[White "Timman,J"]
[Black "Anand,V"]
[Result "0-1"]
[WhiteElo "2616"]
[BlackElo "2752"]
[EventDate "2002.04.28"]

1. e4 c5 2. Nf3 d6 3. d4 cxd4 4. Nxd4 Nf6 5. Nc3 a6 6. Be3 Ng4 7. Bg5 h6 8.
Bc1 Nf6 9. Be2 e5 10. Nb3 Be7 11. O-O Be6 12. f4 O-O 13. f5 Bd7 14. Be3 Bc6
15. Bf3 b5 16. a3 Nbd7 17. Qe2 Rc8 18. Rfd1 Qc7 19. Bf2 Nb6 20. Nc1 Na4 21.
Nxa4 bxa4 22. Rd2 Qb7 23. Nd3 Nxe4 24. Nb4 Nxd2 25. Bxc6 Rxc6 26. Qxd2 Rc4
27. Be3 Rfc8 28. c3 Bf8 29. f6 Rg4 30. Rf1 Rg6 31. Nd5 Rb8 32. Rf2 gxf6 33.
h4 f5 34. h5 Re6 35. Rxf5 Qxb2 36. Nf6+ Kh8 37. Nd7 Qxd2 38. Bxd2 Rb1+ 39.
Kh2 Kg7 40. Rf3 Be7 41. Rg3+ Kh8 42. Be3 d5 43. Nc5 Bxc5 44. Bxc5 Rb5 45.
Bf8 Rb8 0-1

[Event "Eurotel Trophy"]
[Site "Prague CZE"]
[Date "2002.04.28"]
[Round "1.2"]
[White "Leko,P"]
[Black "Sokolov,I"]
[Result "1/2-1/2"]
[WhiteElo "2707"]
[BlackElo "2647"]
[EventDate "2002.04.28"]

1. e4 e5 2. Nf3 Nc6 3. Bb5 a6 4. Ba4 Nf6 5. O-O Be7 6. Re1 d6 7. c3 Bg4 8.
d3 Nd7 9. Be3 O-O 10. h3 Bh5 11. Nbd2 b5 12. Bc2 Kh8 13. Nf1 Bxf3 14. Qxf3
Bg5 15. Rad1 Bxe3 16. Nxe3 Qf6 17. Qe2 Nb6 18. Ng4 Qg5 19. d4 Rae8 20. Ne3
g6 21. g3 h5 22. h4 Qf6 23. Nd5 Nxd5 24. exd5 Na5 25. a4 Nc4 26. b3 Na3 27.
Be4 exd4 28. cxd4 Re7 29. Qd3 Rfe8 30. Re3 Qg7 31. Rde1 f5 32. Bf3 Rxe3 33.
fxe3 g5 34. Qxf5 Rf8 35. Qe4 bxa4 36. bxa4 Nc4 37. Bxh5 Nd2 38. Qg2 gxh4
39. Qh2 Qxg3+ 40. Qxg3 hxg3 41. Kg2 Ne4 42. Bf3 Nd2 43. Be2 Ne4 44. Bxa6
Rf2+ 45. Kh3 Kg7 46. Kg4 g2 47. Rg1 Ra2 48. Bb5 Kf6 49. Kf3 Ng5+ 50. Kg3
Ra3 51. Rxg2 Rxe3+ 52. Kg4 Re4+ 53. Kh5 Nf3 54. Rg6+ Kf7 55. Rg4 Rxg4 56.
Kxg4 Nxd4 57. Bc4 Ke7 58. Kf4 c5 59. dxc6 Nxc6 60. Ke4 1/2-1/2

[Event "Eurotel Trophy"]
[Site "Prague CZE"]
[Date "2002.04.28"]
[Round "1.4"]
[White "Leko,P"]
[Black "Sokolov,I"]
[Result "1/2-1/2"]
[WhiteElo "2707"]
[BlackElo "2647"]
[EventDate "2002.04.28"]

1. e4 e5 2. Nf3 Nc6 3. Bb5 a6 4. Ba4 Nf6 5. O-O Be7 6. Re1 d6 7. c3 O-O 8.
h3 b5 9. Bb3 Na5 10. Bc2 c5 11. d4 Qc7 12. Nbd2 cxd4 13. cxd4 Nc6 14. Nb3
a5 15. Be3 a4 16. Nbd2 Bd7 17. a3 Rac8 18. Bd3 Qb8 19. Nf1 Na5 20. Ng3 Rfe8
21. Qe2 h6 22. Rad1 Bf8 23. Bd2 Nb3 24. Bc3 exd4 25. Nxd4 Nd5 26. Nxb3 Nxc3
27. bxc3 axb3 28. Qb2 Be6 29. Ne2 Bc4 30. Nd4 d5 31. Nxb3 Bxd3 32. Rxd3
dxe4 33. Rde3 Qa8 34. Nd4 Bxa3 35. Qxb5 Bc5 36. Rg3 Bxd4 37. cxd4 Rcd8 38.
Qh5 Qc6 39. Rd1 Rd5 40. Qg4 Qf6 41. h4 Rxd4 42. Qxg7+ Qxg7 43. Rxg7+ Kxg7
44. Rxd4 e3 45. fxe3 Rxe3 46. Kf2 Ra3 1/2-1/2

[Event "Eurotel Trophy"]
[Site "Prague CZE"]
[Date "2002.04.29"]
[Round "1.1"]
[White "Karpov,An"]
[Black "Short,N"]
[Result "1-0"]
[WhiteElo "2690"]
[BlackElo "2673"]
[EventDate "2002.04.28"]

1. d4 Nf6 2. c4 e6 3. Nc3 Bb4 4. Qc2 d5 5. cxd5 exd5 6. Bg5 h6 7. Bh4 c5 8.
dxc5 g5 9. Bg3 Ne4 10. e3 Qa5 11. Nge2 Bf5 12. Be5 Nxc3 13. Qxf5 Ne4+ 14.
Nc3 O-O 15. Bd3 Nc6 16. O-O Rfe8 17. Nxe4 dxe4 18. Bxe4 Rxe5 19. Qh7+ Kf8
20. Qxh6+ 1-0

[Event "Eurotel Trophy"]
[Site "Prague CZE"]
[Date "2002.04.29"]
[Round "1.1"]
[White "Piket,Je"]
[Black "Svidler,P"]
[Result "0-1"]
[WhiteElo "2659"]
[BlackElo "2688"]
[EventDate "2002.04.28"]

1. d4 Nf6 2. c4 g6 3. Nc3 d5 4. Bf4 Bg7 5. e3 c5 6. dxc5 Qa5 7. Rc1 Ne4 8.
cxd5 Nxc3 9. Qd2 Qxa2 10. Rxc3 O-O 11. Bc4 Qa1+ 12. Rc1 Qxb2 13. Nf3 a5 14.
Nd4 Qxd2+ 15. Kxd2 Na6 16. Bxa6 Rxa6 17. Bc7 a4 18. Rc3 Bf5 19. f3 Rc8 20.
Bb6 Bd7 21. Ra3 Be5 22. Rc1 e6 23. dxe6 fxe6 24. Rb1 Bf6 25. Nb5 Be7 26.
Nd6 Rc6 27. Nc4 Be8 28. Kd3 Bxc5 29. Bxc5 Rxc5 30. Nd2 Rd6+ 31. Ke2 Bb5+
32. Ke1 Rd3 33. Rxb5 Rc1+ 34. Ke2 Rxa3 35. Ne4 Rc2+ 36. Kd1 Rxg2 0-1

[Event "Eurotel Trophy"]
[Site "Prague CZE"]
[Date "2002.04.29"]
[Round "1.1"]
[White "Shirov,A"]
[Black "Gurevich,M"]
[Result "1/2-1/2"]
[WhiteElo "2704"]
[BlackElo "2641"]
[EventDate "2002.04.28"]

1. e4 e6 2. d4 d5 3. e5 c5 4. c3 Nc6 5. Nf3 Bd7 6. Be2 Nge7 7. Na3 cxd4 8.
cxd4 Nf5 9. Nc2 Qb6 10. h4 Nb4 11. Nxb4 Bxb4+ 12. Kf1 h5 13. a4 Rc8 14. g3
Be7 15. Kg2 Rc7 16. a5 Qb4 17. b3 Bb5 18. Ba3 Bxe2 19. Qxe2 Qxb3 20. Bxe7
Nxe7 21. a6 b6 22. Rhc1 Rc3 23. Rab1 Qc4 24. Qd2 Rxc1 25. Rxc1 Qxa6 26. Rc7
Qa3 27. Qg5 Kd8 28. Rb7 Re8 29. Qxg7 Kc8 30. Qxf7 Kxb7 31. Qxe8 Nf5 32.
Qxh5 Qd3 33. g4 Nxd4 34. Qf7+ Ka6 35. Nxd4 Qxd4 36. Qxe6 Qe4+ 37. Kg3 d4
38. Qd6 Qd3+ 39. f3 Qe3 40. g5 d3 41. e6 d2 42. e7 Qg1+ 43. Kh3 d1=Q 44.
Qxd1 1/2-1/2

[Event "Eurotel Trophy"]
[Site "Prague CZE"]
[Date "2002.04.29"]
[Round "1.2"]
[White "Short,N"]
[Black "Karpov,An"]
[Result "1/2-1/2"]
[WhiteElo "2673"]
[BlackElo "2690"]
[EventDate "2002.04.28"]

1. e4 e5 2. Nf3 Nf6 3. Nxe5 d6 4. Nf3 Nxe4 5. d4 d5 6. Bd3 Nc6 7. O-O Be7
8. c4 Nb4 9. Be2 O-O 10. Nc3 Bf5 11. a3 Nxc3 12. bxc3 Nc6 13. Re1 Bf6 14.
cxd5 Qxd5 15. Bf4 Rac8 16. Nd2 Rfe8 17. Bf3 Rxe1+ 18. Qxe1 Qd7 19. Ne4 Be7
20. Qd1 Bd6 21. Bxd6 cxd6 22. Ng3 Ne7 23. Nxf5 Nxf5 24. Rc1 g6 25. g3 b6
26. Qd3 Ne7 27. c4 b5 28. Kg2 Kg7 29. h4 bxc4 30. Rxc4 Qb5 31. Rc3 Qxd3 32.
Rxd3 Nf5 33. Bd5 Rc7 34. Kf3 Kf6 35. Bb3 Re7 36. Rd2 h5 37. Kf4 Re1 38. Bc2
Ra1 39. Bxf5 gxf5 40. Rd3 Re1 41. f3 a5 42. Rc3 Ke6 43. Rc6 Kf6 44. Rc3 a4
45. Rc4 1/2-1/2

[Event "Eurotel Trophy"]
[Site "Prague CZE"]
[Date "2002.04.29"]
[Round "1.2"]
[White "Svidler,P"]
[Black "Piket,Je"]
[Result "1-0"]
[WhiteElo "2688"]
[BlackElo "2659"]
[EventDate "2002.04.28"]

1. e4 g6 2. d4 Bg7 3. Nf3 d6 4. Nc3 a6 5. Be3 b5 6. Bd3 Nd7 7. a4 b4 8. Ne2
Ngf6 9. c3 Bb7 10. Ng3 h5 11. Bg5 c5 12. O-O cxd4 13. cxd4 Qa5 14. Re1 O-O
15. Bd2 Rab8 16. h3 e6 17. Rc1 Rfd8 18. Qb3 Ba8 19. Rc4 h4 20. Nxh4 d5 21.
Rxb4 Rxb4 22. Qxb4 Qxb4 23. Bxb4 dxe4 24. Ba5 Rb8 25. Nxe4 Bxe4 26. Bxe4
Rxb2 27. Rb1 Ra2 28. Bc6 Rc2 29. Bxd7 Nxd7 30. Nf3 Ra2 31. Rb4 Bf8 32. Rb7
Ra1+ 33. Kh2 Rxa4 34. Bd8 Bd6+ 35. g3 Nf8 36. Ng5 Rb4 37. Ra7 Bb8 38. Rxa6
Rxd4 39. Bf6 Rb4 40. Kg2 Nd7 41. Bc3 Rb3 42. Rc6 e5 43. h4 Kf8 44. g4 Ke7
45. h5 gxh5 46. gxh5 Ba7 47. h6 Rb8 48. h7 Rh8 49. Bb4+ 1-0

[Event "Eurotel Trophy"]
[Site "Prague CZE"]
[Date "2002.04.29"]
[Round "1.2"]
[White "Gurevich,M"]
[Black "Shirov,A"]
[Result "1/2-1/2"]
[WhiteElo "2641"]
[BlackElo "2704"]
[EventDate "2002.04.28"]

1. d4 Nf6 2. c4 g6 3. Nc3 Bg7 4. e4 d6 5. Nf3 O-O 6. Be2 e5 7. O-O Nc6 8.
d5 Ne7 9. Nd2 c5 10. Rb1 Ne8 11. b4 b6 12. bxc5 bxc5 13. Nb3 f5 14. Bg5 h6
15. Bxe7 Qxe7 16. Na5 Nf6 17. Nc6 Qe8 18. exf5 gxf5 19. Nb5 Qd7 20. Rb3 Kh8
21. Qd3 e4 22. Qh3 Nh7 23. f3 a6 24. Nc3 Bd4+ 25. Kh1 Qg7 26. Na4 f4 27.
Qh4 Rg8 28. g4 exf3 29. Bxf3 Bf6 30. Qh5 Bxg4 31. Bxg4 Qxg4 32. Qxg4 Rxg4
33. Nb6 Re8 34. Nd7 Bd4 35. Nxd4 cxd4 36. c5 dxc5 37. Nxc5 Nf6 38. d6 Rd8
39. d7 Nxd7 40. Ne6 Re8 41. Nxd4 Nc5 42. Rb6 Kh7 43. Rg1 h5 44. h3 Rxg1+
45. Kxg1 Re3 46. Nf5 Rxh3 47. Rc6 Ne4 48. Rc4 Ng5 49. Rxf4 Ra3 50. Rb4 Rxa2
51. Rb6 Nh3+ 52. Kh1 Nf4 53. Rh6+ Kg8 54. Rf6 Ra4 55. Kh2 a5 56. Kg3 Nd5
57. Rd6 Rg4+ 58. Kh2 Nf4 59. Nh6+ Kg7 60. Nxg4 hxg4 61. Ra6 Nh5 62. Kg2 Kh7
63. Kf2 Kg7 64. Ke3 Kf7 65. Rh6 Nf6 66. Kf4 Kg7 67. Rh1 Kg6 68. Ra1 Nd5+
69. Kxg4 Ne3+ 70. Kf3 Nd5 71. Rxa5 Nf6 72. Kf4 Nh5+ 73. Ke5 Kg5 74. Ra8 Kg6
75. Rf8 Kg7 76. Rf1 Kg6 77. Rg1+ Kf7 78. Kd6 Kf6 79. Rf1+ Kg5 80. Ke5 Kg4
81. Rg1+ Ng3 82. Ra1 Kf3 83. Ra4 Ke3 84. Ra3+ Kf2 85. Kf4 Ne2+ 86. Kg4 Nd4
87. Rd3 Ne2 88. Kf5 Ng3+ 89. Kf4 Ne2+ 90. Kg4 Ng1 91. Rd2+ Ne2 92. Rd3 Ng1
93. Rb3 Ne2 94. Ra3 Ng1 95. Kf5 Ne2 96. Ke5 Ng3 97. Kf4 Ne2+ 98. Ke4 Ng3+
99. Ke5 Ne2 100. Rb3 1/2-1/2

[Event "Eurotel Trophy"]
[Site "Prague CZE"]
[Date "2002.04.29"]
[Round "1.3"]
[White "Grischuk,A"]
[Black "Tkachiev,V"]
[Result "1-0"]
[WhiteElo "2702"]
[BlackElo "2633"]
[EventDate "2002.04.28"]

1. e4 e5 2. Nf3 Nc6 3. Bb5 a6 4. Ba4 Nf6 5. O-O Be7 6. Re1 b5 7. Bb3 O-O 8.
a4 b4 9. d3 d6 10. a5 Be6 11. Nbd2 Bxb3 12. Nxb3 d5 13. Bg5 h6 14. Bxf6
Bxf6 15. Nbd2 Re8 16. Qe2 Rb8 17. exd5 Qxd5 18. Qe4 Rb5 19. Nc4 Rd8 20. b3
Nxa5 21. Nxa5 Rxa5 22. Qxb4 Rxa1 23. Rxa1 Qc6 24. Ne1 e4 25. Rd1 exd3 26.
cxd3 Bc3 27. Qh4 Bf6 28. Qb4 Qd5 29. h3 a5 30. Qa4 Rb8 31. Rb1 Bc3 32. Nf3
Qxd3 33. Rc1 Bb4 34. Qc6 Bd6 35. Qa4 Rb5 36. Qc4 Qxb3 37. Qe4 Rb4 38. Qa8+
Kh7 39. Qxa5 Qd3 40. Qa2 Qg6 41. g3 Rb5 42. Kg2 Qe4 43. Rc4 Qd5 44. Qc2+ g6
45. Rd4 Qf5 46. Qc4 Rb2 47. Rd5 Qe6 48. Qd4 Qe2 49. Ra5 Qf1+ 50. Kxf1 1-0

[Event "Eurotel Trophy"]
[Site "Prague CZE"]
[Date "2002.04.29"]
[Round "1.3"]
[White "Gurevich,M"]
[Black "Shirov,A"]
[Result "0-1"]
[WhiteElo "2641"]
[BlackElo "2704"]
[EventDate "2002.04.28"]

1. d4 Nf6 2. c4 g6 3. Nc3 Bg7 4. e4 d6 5. Nf3 O-O 6. Be2 e5 7. O-O Nc6 8.
d5 Ne7 9. Nd2 a5 10. a3 Bd7 11. b3 c6 12. Ra2 Qb6 13. Rc2 c5 14. Rb2 Rfb8
15. Ndb1 Qd8 16. b4 axb4 17. axb4 b6 18. Be3 Qf8 19. Qc1 Ne8 20. Nd2 f5 21.
Nf3 Nf6 22. Bd3 f4 23. Bd2 h6 24. Qc2 g5 25. Rfb1 Ng6 26. bxc5 bxc5 27.
Rxb8 Rxb8 28. Rxb8 Qxb8 29. Qb1 Qf8 30. h3 g4 31. hxg4 Bxg4 32. Nh2 h5 33.
Qb6 Bh6 34. f3 Bd7 35. Nb5 Ne8 36. Nc7 Bg5 37. Nxe8 Bxe8 38. Qb8 Bf7 39.
Qxf8+ Kxf8 40. Ba5 Be8 41. Bc2 Bh4 42. Nf1 Ke7 43. Nd2 Be1 44. Kf1 Bg3 45.
Nb1 h4 46. Nc3 h3 47. gxh3 Nh4 48. Ke2 Bh5 49. Nb5 Bxf3+ 50. Kd2 Bg2 51.
Bc7 f3 52. Bxd6+ Kd7 53. Bxc5 f2 54. Bxf2 Bxf2 55. Nc3 Kd6 56. Nb5+ Kc5 57.
Nc7 Bxh3 58. Ne8 Kxc4 59. Nd6+ Kc5 60. Nf7 Bd4 61. Bb3 Nf3+ 62. Ke2 Nh2 63.
d6 Bg4+ 64. Kd3 Bd7 65. Ke2 Ng4 66. Kf3 Nf6 67. Ba2 Bc6 68. Bb1 Ne8 69. Nd8
Nxd6 70. Nxc6 Kxc6 71. Ke2 Kc5 72. Kd3 Kb4 73. Ba2 Nb7 74. Bd5 Nc5+ 75. Kc2
Be3 76. Kd1 Bf4 77. Bc6 Nb3 78. Bb7 Nd2 79. Ke2 0-1

[Event "Eurotel Trophy"]
[Site "Prague CZE"]
[Date "2002.04.29"]
[Round "1.5"]
[White "Grischuk,A"]
[Black "Tkachiev,V"]
[Result "1-0"]
[WhiteElo "2702"]
[BlackElo "2633"]
[EventDate "2002.04.28"]

1. e4 e5 2. Nf3 Nc6 3. Bb5 a6 4. Ba4 Nf6 5. O-O Be7 6. Re1 b5 7. Bb3 O-O 8.
a4 b4 9. d3 d6 10. a5 Be6 11. Nbd2 Bxb3 12. Nxb3 d5 13. Bg5 Re8 14. Qe2 h6
15. Bxf6 Bxf6 16. exd5 Qxd5 17. Qe4 Rad8 18. Nfd2 g6 19. Qxd5 Rxd5 20. Re4
Bg5 21. Rc4 Nxa5 22. Rxa5 Rxa5 23. Nxa5 Bxd2 24. Nb3 Bg5 25. Rxb4 Be7 26.
Rb7 Bd6 27. Nd2 Ra8 28. Nc4 a5 29. g3 Kg7 30. Kg2 Kf6 31. Na3 Ke6 32. Kf3
Bxa3 33. bxa3 Kd6 34. a4 Ra6 35. Rb5 Ra8 36. g4 f5 37. gxf5 gxf5 38. h4 Ra6
39. c4 Ra8 40. h5 Rg8 41. Rxa5 Rg5 42. Rd5+ Ke6 43. a5 Rg1 44. Rd8 Ra1 45.
Rh8 Kf6 46. Rxh6+ Kg5 47. Ra6 Kxh5 48. Ra8 Kg5 49. a6 Kf6 50. Rc8 Rxa6 51.
Rxc7 Ra3 52. Rd7 e4+ 53. Ke3 Ke6 54. Rd5 Ra1 1-0